Grammar spectrum 3. English rules and practice : Intermadiate. With answers

Salvato in:
Dettagli Bibliografici
Autore principale: Coe, Norman (Autore)
Natura: Libro
Lingua:inglese
Pubblicazione: Oxford : Oxford University Press, 1995
Soggetti:
Tags: Aggiungi Tag
Nessun Tag, puoi essere il primo ad aggiungerne!!

MARC

LEADER 00000nam a22000003a 4500
001 stu49883
005 20150617225659.8
008 990604s1995------------------------eng-d
020 |a 0-19-431414-6 
040 |a STU  |b slo 
041 0 |a eng 
080 |a 802.0(075) 
100 1 |a Coe, Norman  |4 aut 
245 1 |a Grammar spectrum 3. English rules and practice :  |b Intermadiate. With answers 
260 |a Oxford :  |b Oxford University Press,  |c 1995 
300 |a 120 s 
650 7 |a angličtina  |2 stusub 
996 |b 284EK82712  |c E*82712  |l EE18  |s P  |a 0  |w stu49883_0001